| 000 | 01097nam a2200301 4500 | ||
|---|---|---|---|
| 001 | 114282 | ||
| 003 | DR-UNIBE | ||
| 005 | 20251210095850.0 | ||
| 008 | 251204b2025 dr ||||| |||| 00| 1 spa d | ||
| 020 | _a9789945290554 | ||
| 040 |
_aBIBLIOTECA UNIBE _bspa _cBIBLIOTECA UNIBE _erda |
||
| 041 | _aspa | ||
| 090 | _aFBIU- AH AF C764j | ||
| 100 | 1 | 0 |
_aContreras Nuñez, Brunilda Altagracia _98974 _eautor |
| 245 |
_aJuguemos a las greguerías / _cBrunilda Contreras ; ilustraciones: Verouschka Freixas ; diagramación : Eric Simó ; prologo: Yuan Fuei Liao |
||
| 250 | _aPrimera edición | ||
| 260 |
_aSanto Domingo : _bAmigo del Hogar, _c2025 |
||
| 300 |
_a[Sin páginas] : _bilustraciones a color ; _c20 x 20 |
||
| 500 | _aIncluye biografía del autor al final de la obra y comentarios de la misma en la contraportada | ||
| 653 | 7 | _aGreguerías | |
| 653 | 7 | _aLúdica | |
| 653 | 7 | _aLenguaje | |
| 653 | 7 | _aPoesía | |
| 700 | 1 | 0 |
_aFreixas, Verouschka _953440 _eilustrador |
| 700 | 1 | 0 |
_aSimó, Eric _931870 _ediagramador |
| 700 | 1 | 0 |
_aLiao, Yuan-Fuei _9114771 _eprologuista |
| 942 |
_2ddc _cBK |
||
| 999 |
_c114282 _d114282 |
||